|
|
|
|
| LEADER |
00000nam0a2200000 4500 |
| 001 |
166058 |
| 005 |
20231031162109.0 |
| 010 |
|
|
|a 5070018582
|
| 020 |
|
|
|a RU
|b 92-28990
|
| 035 |
|
|
|a (RuTPU)RU\TPU\book\180133
|
| 090 |
|
|
|a 166058
|
| 100 |
|
|
|a 20090924d1992 m y0rusy5003 ca
|
| 101 |
0 |
|
|a rus
|
| 102 |
|
|
|a RU
|
| 105 |
|
|
|a y z 000zy
|
| 200 |
1 |
|
|a О жилищных правах и обязанностях
|f Е. С. Гетман
|
| 210 |
|
|
|a Москва
|c Знание
|d 1992
|
| 215 |
|
|
|a 95 с.
|
| 225 |
1 |
|
|a Народный университет. Факультет правовых знаний
|a Факультет правовых знаний
|
| 333 |
|
|
|a Исключено из фонда НТБ ТПУ
|
| 700 |
|
1 |
|a Гетман
|b Е. С.
|g Елена Станиславовна
|
| 801 |
|
0 |
|a RU
|b RuMRKP
|c 19950417
|g psbo
|
| 801 |
|
1 |
|a RU
|b 63413507
|c 20090924
|
| 801 |
|
2 |
|a RU
|b 63413507
|c 20170124
|g RCR
|
| 942 |
|
|
|c BK
|